000
00228nam a2200097Ia 4500
001
797300
005
20250826170804.0
008
250824s9999 xx 000 0 und d
245
0
_a
YOLCULUK
_c
FRENCESCA SANNA
260
_b
TAZE KİTAP
999
_c
797300
_d
797300